02651cam a22003978i 450000100090000000300090000900500170001800800410003502000180007604000380009408200200013210000300015224501060018225000200028826400520030826400100036030000530037033600260042333700280044933800270047750400510050452008470055565000290140265000400143165300170147165500170148870000280150570000320153377601490156590600450171494200120175999900170177195201550178895201550194395201550209822382892EG-ScBUE20240613095637.0220113t2023 paua f b 001 0 eng d a9781719640473 aDNLM/DLCbengerdacDLCdEG-ScBUE04a615.82222bKIS1 aKisner, Carolyn,eauthor.10aTherapeutic exercise :bfoundations and techniques /cCarolyn Kisner, John Borstad, Lynn Allen Colby. aEighth edition. 1aPhiladelphia, PA :bF.A. Davis Company,c[2023] 4cc2023 axxxv, 1124 pages :bcolor illustrations ;c30 cm atextbtxt2rdacontent aunmediatedbn2rdamedia avolumebnc2rdacarrier aIncludes bibliographical references and index. a"The authors and contributors of this book have continually sought to incorporate current trends and research to support the foundational concepts of therapeutic exercise on which the student can learn, and the practitioner can grow in their expertise of treating patients. In addition to the extensive and thorough revisions of content, the Focus on Evidence and Clinical Tips features, as well as links to video demonstrations of key interventions, are again highlighted in this edition. Whenever applicable, up to date Clinical Practice Guidelines (CPGs) are included within the Focus on Evidence sections. As with previous editions, it is our hope that this updated text will provide a resource for learning and professional growth for the students and health-care practitioners who utilize therapeutic exercise"--cProvided by publisher. 7aExercise Therapy.2BUEsh 7aPhysical Therapy Modalities.2BUEsh cJune2024bPT vReading book1 aBorstad, John,eauthor.1 aColby, Lynn Allen,eauthor.08iOnline version:aKisner, Carolyn.tTherapeutic exercisebEighth edition.dPhiladelphia, PA : F.A. Davis, [2023]z9781719640480w(DLC) 2022001574 a0bvipcorignewd1eecipf20gy-gencatlg 2ddccBB c30780d30751 00102ddc40708BaccahaMAINbMAINc1STd2024-06-13ePurchaseg5551.00h38282l0o615.82 KISp000057136r2025-07-15 00:00:00v6939.00w2024-06-13yBB 00102ddc40708BaccahaMAINbMAINc1STd2025-05-13ePurchaseg5551.00h39224l0o615.82 KISp000057348r2025-07-15 00:00:00v6938.75w2025-05-13yBB 00102ddc40708BaccahaMAINbMAINc1STd2025-05-13ePurchaseg5551.00h39224l0o615.82 KISp000057350r2025-07-15 00:00:00v6935.75w2025-05-13yBB